Album splotów szydełkowych /

Gespeichert in:
Bibliographische Detailangaben
1. Verfasser: Kotecka, Irena
Format: Buch
Sprache:Polnisch
Veröffentlicht: Warszawa : "Watra", 1983
Schlagworte:
Tags: Tag hinzufügen
Keine Tags, Fügen Sie das erste Tag hinzu!

MARC

LEADER 00000nam a2200000 i 4500
001 991009462219705066
005 20260515140226.0
008 990506s1983 pl a |000 0 pol
020 |a 8322500777 
035 |a 991009462219705066 
035 |a (PL-WaBN)b12561563-48omnis_nlop 
035 |a b12561563 
035 |a (OCoLC)803509655 
035 |a (PL)b0000001256156 
035 |a (EXLNZ-48OMNIS_NETWORK)9910230507405606 
040 |a WA N  |c WA N  |d KR U 
041 0 |a pol 
080 |a 646.26/.27 
090 |c 57  |d 56 
100 1 |a Kotecka, Irena 
245 1 0 |a Album splotów szydełkowych /  |c Irena Kotecka. 
260 |a Warszawa :  |b "Watra",  |c 1983  |e (Łódź :  |f ŁZG). 
300 |a 152, [4] s. :  |b fot., rys. ;  |c 21 cm. 
650 7 |a Szydełkowanie 
920 |a 83-225-0077-7 zł 100 
942 |c K 
952 |0 0  |1 0  |4 0  |6 R__35_000000000000000  |7 0  |9 55  |a RYT  |b RYT  |d 2026-03-17  |e 1/2026  |g 10.00  |l 0  |o R.35  |p 2000000000350  |r 2026-05-15 14:02:26  |w 2026-05-15  |y BK  |z da 
999 |c 55  |d 55